Normal view
MARC view
- الحمامي، علاء حسين ؛ م.مشارك سعد عبد العزيز العاني
Entry Personal Name
001 - CONTROL NUMBER
- control field: 57139
003 - CONTROL NUMBER IDENTIFIER
- control field: JO-AjAnu
005 - DATE AND TIME OF LATEST TRANSACTION
- control field: 20230606083347.0
008 - FIXED-LENGTH DATA ELEMENTS
- fixed length control field: 230606|| aca||aabn | a|a d
040 ## - CATALOGING SOURCE
- Original cataloging agency: JO-AjAnu
- Transcribing agency: JO-AjAnu
100 ## - HEADING--PERSONAL NAME
- Personal name: الحمامي، علاء حسين ؛ م.مشارك سعد عبد العزيز العاني
670 ## - SOURCE DATA FOUND
- Source citation: Work cat.: (JO-AjAnu)29155: الحمامي، علاء حسين ؛ م.مشارك سعد عبد العزيز العاني, author, مفاهيم وتطبيقات تكنولوجيا قواعد البيانات = Concepts and Applications of Data Bases Technology